000 00532nam a2200193Ia 4500
008 120926t1955 xxu||||| |||| 00| 0 sin d
041 _asin
080 _a8 S[3-053.2] (Youth)
_bPRE
100 _aMariyat,Predrik
245 _aරණ රාළ
246 _aRana Rala
260 _aGunasena
_aColombo
_c1955
300 _b102p, 18 cm
500 _aSinhalese Translation Of Captain Predric mariyat's of Masterman Ready
700 _aSenanayake,G.B
942 _cBK
999 _c39368
_d39368
003 LK-CoDNM
040 _aLK-CoDNM
_dLK-CoDNM
_eLK-CoDNM